Шестьдесят лет в оперном театре. Воспоминаня режиссера

Détails bibliographiques
Auteur principal: Боголюбов Н. Н. Николай Николаевич
Autres auteurs: Рудзеевский Б. В. (редактор)
Langue:russe
Publié: Москва, ВТО, 1967
Sujets:
Format: MixedMaterials Livre
KOHA link:https://koha.lib.tpu.ru/cgi-bin/koha/opac-detail.pl?biblionumber=342254

MARC

LEADER 00000nam0a2200000 4500
001 342254
005 20231102005431.0
035 |a (RuTPU)RU\TPU\book\370945 
090 |a 342254 
100 |a 20190115d1967 m y0rusy50 ca 
101 0 |a rus 
102 |a RU 
105 |a c z 000aa 
200 1 |a Шестьдесят лет в оперном театре. Воспоминаня режиссера  |f Н. Н. Боголюбов  |g под ред. Б. В. Рудзеевского 
210 |a Москва  |c ВТО  |d 1967 
215 |a 304 с.  |c портр. 
606 1 |a Оперы  |2 stltpush  |3 (RuTPU)RU\TPU\subj\47064  |9 66131 
610 1 |a русский театр 
610 1 |a оперный театр 
610 1 |a режиссеры 
610 1 |a воспоминания 
675 |a 782  |v 4 
700 1 |a Боголюбов  |b Н. Н.  |g Николай Николаевич 
702 1 |a Рудзеевский  |b Б. В.  |4 340 
801 1 |a RU  |b 63413507  |c 20190115 
801 2 |a RU  |b 63413507  |c 20201210  |g RCR 
942 |c BK